Baseball 9 Leagues - Statistics

General Stats
  • This quiz has been taken 15 times
  • The average score is 5 of 7
Answer Stats
Answer % Correct
World
90%
Master
80%
Champion
70%
Legend
70%
Rookie
70%
Royal
70%
Pro
60%
No matching quizzes found
Score Distribution
Percent of People with Each Score
Percentile by Number Answered
Your Score History
You have not taken this quiz